000 00469nam a2200205Ia 4500
005 20250425162447.0
008 250425s9999 xx 000 0 und d
020 _a0442259271
041 _aeng
082 _a639.3
245 0 _aNUTRITION AND FEEDING OF FISH
250 _aS.E.
260 _aEstados Unidos
_bAVI BOOK
_c1989
260 _aNEW YORK
300 _a260
650 _aACUACULTURA
650 _aPECES-HISTOLOGIA
942 _c01
010 _a75600
999 _c229697
_d229697